Renee Rapp's Songs - Statistics

General Stats
  • This quiz has been taken 244 times
    153 since last reset
  • The average score is 21 of 27
Answer Stats
Hint Answer % Correct
Snow Angel Snow Angel
99%
Mean Girls (w/ Meg Thee Stallion) Not My Fault
91%
ETE In The Kitchen
90%
SAD (feat. Coco Jones) Tummy Hurts
87%
Snow Angel Tummy Hurts
87%
Snow Angel Pretty Girls
83%
ETE (intro) Everything To Everyone
82%
ETED (extended) Everything to everyone
82%
Snow Angel I Hate Boston
79%
Snow Angel Talk Too Much
79%
Snow Angel The Wedding Song
78%
ETE Colorado
76%
SAD Swim
76%
Single Tattoos
76%
ETE Too Well
75%
Snow Angel Gemini Moon
74%
ETE Moon
74%
Snow Angel 23
72%
SAD I Do
72%
ETED Bruises
71%
Snow Angel I Wish
71%
ETE Don't Tell My Mom
70%
SAD Messy
69%
Snow Angel Poison Poison
68%
Snow Angel Willow
68%
ETE What Can I Do
64%
Snow Angel So What Now
63%
No matching quizzes found
Score Distribution
Percent of People with Each Score
Percentile by Number Answered
Your Score History
You have not taken this quiz since the last reset